[Event "XV Festival A"]
[Site "Porto San Giorgio ITA"]
[Date "2003.08.25"]
[Round "5"]
[White "Nicora, Paolo"]
[Black "Sebastianelli, Dario"]
[Result "0-1"]
[WhiteElo "1842"]
[BlackElo "2239"]
[PlyCount "120"]
[EventDate "2003.08.21"]

1. d4 g6 2. e4 d6 3. Nc3 c6 4. Nf3 Bg7 5. Be2 Nf6 6. O-O O-O 7. h3 b5 8. e5 Ne8
9. Bg5 Qc7 10. Bf4 a6 11. Ne4 Nd7 12. exd6 exd6 13. c4 bxc4 14. Bxc4 Ndf6 15.
Nc3 h6 16. Re1 Qd8 17. Qd2 Kh7 18. Re2 Nc7 19. Rae1 Be6 20. Bxe6 fxe6 21. Bh2
Qd7 22. Ne4 Nxe4 23. Rxe4 Rab8 24. Qc2 Rf6 25. Rg4 Nd5 26. Nh4 Ne7 27. Rd1 Rb5
28. Be5 Rf5 29. Bxg7 Kxg7 30. Nxf5+ exf5 31. Rg3 f4 32. Ra3 Rf5 33. Qe4 a5 34.
Re1 Kf7 35. Rf3 Nd5 36. Ra3 Nf6 37. Qf3 h5 38. Rc3 Nd5 39. Ra3 Nf6 40. Rc3 Nd5
41. Rb3 Qc8 42. Rc1 Kg7 43. Rb5 Qa8 44. Rb3 Qc8 45. Re1 Kf7 46. Qe4 Qd7 47. Rb8
Nf6 48. Qe2 Rb5 49. Rxb5 cxb5 50. Rc1 g5 51. Qd2 a4 52. Rc3 Ne4 53. Qd3 Nxc3
54. Qh7+ Ke6 55. Qxd7+ Kxd7 56. bxc3 Kc6 57. Kf1 Kd5 58. Ke2 Kc4 59. Kd2 g4 60.
Kc2 f3 0-1

[Event "XV Festival A"]
[Site "Porto San Giorgio ITA"]
[Date "2003.08.25"]
[Round "5"]
[White "Orlov, Andrey"]
[Black "Tischbierek, Raj"]
[Result "1-0"]
[WhiteElo "2391"]
[BlackElo "2522"]
[PlyCount "104"]
[EventDate "2003.08.21"]

1. e4 c5 2. Nc3 Nc6 3. g3 g6 4. Bg2 Bg7 5. d3 d6 6. Be3 e5 7. Qd2 Nge7 8. Bh6
O-O 9. h4 Bxh6 10. Qxh6 f6 11. Qd2 Nd4 12. Nce2 d5 13. c3 Ndc6 14. exd5 Nxd5
15. Nf3 Bf5 16. O-O Qd7 17. a3 Rad8 18. Rad1 a5 19. d4 cxd4 20. cxd4 e4 21. Nh2
Bh3 22. Bxe4 Bxf1 23. Nxf1 f5 24. Bxd5+ Qxd5 25. Ne3 Qe4 26. Qd3 Qxd3 27. Rxd3
f4 28. gxf4 Rf7 29. d5 Ne7 30. Kg2 Nf5 31. Kh3 Nd6 32. Kg4 h5+ 33. Kf3 Kf8 34.
Nd4 Rc8 35. Rb3 Ke7 36. Rb6 Rc5 37. b4 axb4 38. axb4 Rc7 39. Ne6 Rc8 40. Nc5
Rc7 41. Ne4 Nxe4 42. Kxe4 Rf6 43. d6+ Kd7 44. Ke5 Re6+ 45. Kd5 Rf6 46. f5 Rc3
47. Ke5 Rf8 48. Rxb7+ Kc8 49. Rc7+ Rxc7 50. dxc7 gxf5 51. Nd5 Kd7 52. b5 Re8+
1-0

[Event "XV Festival A"]
[Site "Porto San Giorgio ITA"]
[Date "2003.08.25"]
[Round "5"]
[White "Ortega, Lexy"]
[Black "Efimov, Igor"]
[Result "0-1"]
[WhiteElo "2437"]
[BlackElo "2479"]
[PlyCount "100"]
[EventDate "2003.08.21"]

1. d4 Nf6 2. Nf3 d5 3. c4 e6 4. Nc3 Nbd7 5. cxd5 exd5 6. Bg5 c6 7. e3 Bd6 8.
Qc2 Nf8 9. O-O-O Be6 10. Kb1 N8d7 11. Bd3 h6 12. Bf4 Qb8 13. Bxd6 Qxd6 14. h3
O-O-O 15. Nb5 Qb8 16. Rc1 Ne8 17. Ne5 Nxe5 18. dxe5 Qxe5 19. Nxa7+ Kd7 20. f4
Qxe3 21. Nxc6 bxc6 22. f5 Qb6 23. Qa4 Rb8 24. Rc2 Nd6 25. fxe6+ fxe6 26. Rhc1
Rhf8 27. Qxc6+ Qxc6 28. Rxc6 Nc4 29. R6xc4 dxc4 30. Rxc4 e5 31. a4 Rf2 32. Rc2
Rf4 33. a5 Ra4 34. a6 e4 35. Bc4 Kd6 36. b3 Ke5 37. Kc1 Ra5 38. Kb2 Rb6 39. Kc3
h5 40. b4 Ra3+ 41. Kb2 Ra4 42. Kc3 Rbxb4 43. Bb3 Rxb3+ 44. Kxb3 Rxa6 45. Rc5+
Kd4 46. Rxh5 Rc6 47. Rh8 e3 48. Rd8+ Ke4 49. h4 e2 50. Re8+ Kd3 0-1

[Event "XV Festival A"]
[Site "Porto San Giorgio ITA"]
[Date "2003.08.25"]
[Round "5"]
[White "Sciortino, Massimo"]
[Black "Roeder, Matthias"]
[Result "0-1"]
[WhiteElo "2192"]
[BlackElo "2451"]
[PlyCount "104"]
[EventDate "2003.08.21"]

1. d4 Nf6 2. Nf3 e6 3. e3 c5 4. Bd3 Nc6 5. O-O Be7 6. Nbd2 Qc7 7. c3 d5 8. Re1
O-O 9. e4 cxd4 10. cxd4 dxe4 11. Nxe4 Rd8 12. Neg5 h6 13. Nh3 Bd6 14. Be3 e5
15. dxe5 Nxe5 16. Nxe5 Bxe5 17. Rc1 Qd6 18. Bc5 Bxh2+ 19. Kh1 Qxd3 20. Qxd3
Rxd3 21. Kxh2 Bxh3 22. gxh3 b6 23. Ba3 Nd5 24. Rcd1 Rxd1 25. Rxd1 Rd8 26. Kg3
f5 27. b3 Rd7 28. Kf3 g5 29. Bb2 Kf7 30. Rd2 Kg6 31. Be5 h5 32. Kg3 Nf6 33.
Rxd7 Nxd7 34. Bc7 f4+ 35. Kf3 Kf5 36. Bd6 Ne5+ 37. Kg2 Ke4 38. Be7 g4 39. hxg4
hxg4 40. Bd6 Nf3 41. Bc7 Ne1+ 42. Kf1 Nd3 43. Bb8 a6 44. Ba7 b5 45. a3 Nc1 46.
b4 Kf3 47. Bd4 Ne2 48. Be5 g3 49. fxg3 fxg3 50. Ke1 g2 51. Bh2 Ke3 52. Kd1 Kd3
0-1

[Event "XV Festival A"]
[Site "Porto San Giorgio ITA"]
[Date "2003.08.26"]
[Round "6"]
[White "Bighiu, Gheorghe"]
[Black "Bracali, Andrea"]
[Result "1-0"]
[WhiteElo "2126"]
[BlackElo "1588"]
[PlyCount "94"]
[EventDate "2003.08.21"]

1. h3 d5 2. d4 c6 3. Nf3 h6 4. e3 Nf6 5. Bd3 e6 6. Nbd2 Nbd7 7. c4 Bd6 8. O-O
O-O 9. b3 Re8 10. Bb2 e5 11. dxe5 Nxe5 12. Nxe5 Bxe5 13. Bxe5 Rxe5 14. Nf3 Re8
15. Qe2 Qe7 16. Rad1 Bd7 17. Bb1 Rad8 18. Rd2 Bc8 19. Rfd1 dxc4 20. Qxc4 Rxd2
21. Rxd2 Rd8 22. Rxd8+ Qxd8 23. Nd4 Qd6 24. Bc2 g6 25. Bxg6 Be6 26. Nxe6 fxe6
27. Bc2 Kf7 28. Qe2 Qe5 29. f4 Qc3 30. e4 e5 31. fxe5 Qxe5 32. Bd3 b6 33. Qe3
Kg7 34. Qe2 c5 35. Kh1 Kf7 36. Qf3 Kg7 37. Qf5 Qxf5 38. exf5 h5 39. Kh2 Nd7 40.
Kg3 Kh7 41. Kf4 Kh6 42. g4 hxg4 43. hxg4 Kg7 44. g5 Kf7 45. f6 Nxf6 46. gxf6
Kxf6 47. Bc4 Ke7 1-0

[Event "XV Festival A"]
[Site "Porto San Giorgio ITA"]
[Date "2003.08.26"]
[Round "6"]
[White "Campo, Renato"]
[Black "Cioara, Andrei Nestor"]
[Result "0-1"]
[WhiteElo "2142"]
[BlackElo "2394"]
[PlyCount "92"]
[EventDate "2003.08.21"]

1. d4 e6 2. e4 d5 3. e5 c5 4. c3 Nc6 5. Nf3 Bd7 6. Bd3 Qb6 7. dxc5 Bxc5 8. O-O
Qc7 9. b4 Bb6 10. a4 a5 11. Na3 Na7 12. Bd2 Ne7 13. Re1 Nac8 14. Ng5 h6 15. Qh5
O-O 16. Nh7 Ng6 17. Nxf8 Nxf8 18. b5 Bc5 19. Be3 Nb6 20. Qg4 Kh8 21. Bc2 Bxa3
22. Bxb6 Qxc3 23. Qd4 Bb2 24. Qxc3 Bxc3 25. Bb3 Ng6 26. Rac1 Bxe5 27. g3 Kg8
28. f4 Bd6 29. Rc2 Kf8 30. Kf2 Ne7 31. Rd1 Nc8 32. Bc5 Ke7 33. Rdc1 Bxc5+ 34.
Rxc5 Kd6 35. Ke3 Nb6 36. R5c2 f6 37. Rf1 Be8 38. Rcc1 Bf7 39. Kd3 Nd7 40. Ke2
Nc5 41. Bc2 Re8 42. Kd2 Re7 43. b6 e5 44. fxe5+ fxe5 45. Rb1 d4 46. Rb5 Bc4 0-1

[Event "XV Festival A"]
[Site "Porto San Giorgio ITA"]
[Date "2003.08.26"]
[Round "6"]
[White "Efimov, Igor"]
[Black "Delchev, Aleksander"]
[Result "1/2-1/2"]
[WhiteElo "2479"]
[BlackElo "2572"]
[PlyCount "104"]
[EventDate "2003.08.21"]

1. e4 e5 2. Nf3 Nc6 3. Bb5 a6 4. Ba4 Nf6 5. O-O Be7 6. Bxc6 dxc6 7. d3 Nd7 8.
Nbd2 c5 9. Nc4 Bf6 10. b3 O-O 11. Bb2 Re8 12. Kh1 b6 13. Ng1 Nf8 14. Ne2 Ng6
15. Ne3 Be6 16. g3 Qd7 17. Qe1 Ne7 18. Ng2 Nc6 19. f4 Bh3 20. Rf2 Nd4 21. Ng1
exf4 22. Nxf4 Bg4 23. h3 Be6 24. Rd1 Rad8 25. Bc1 Be5 26. Qf1 a5 27. g4 a4 28.
Nh5 axb3 29. axb3 Ra8 30. Nf3 Nxf3 31. Rxf3 Ra2 32. Rf2 f6 33. Qg2 Bf7 34. Rdf1
b5 35. Be3 c4 36. bxc4 bxc4 37. g5 Bxh5 38. gxf6 Bxf6 39. Rxf6 Bg6 40. R6f2
cxd3 41. Bc5 Raa8 42. Qf3 h6 43. cxd3 Ra5 44. Qe3 Kh7 45. Rg2 Re5 46. Bb4 Rh5
47. Rf3 Ra1+ 48. Kh2 c5 49. Bc3 Qc7+ 50. e5 Ra6 51. Rfg3 Re6 52. d4 cxd4
1/2-1/2

[Event "XV Festival A"]
[Site "Porto San Giorgio ITA"]
[Date "2003.08.26"]
[Round "6"]
[White "Ferri, Stefano"]
[Black "Faraoni, Enrico"]
[Result "1-0"]
[WhiteElo "2069"]
[BlackElo "2182"]
[PlyCount "59"]
[EventDate "2003.08.21"]

1. d4 f5 2. Nf3 Nf6 3. c4 g6 4. Nc3 Bg7 5. b4 O-O 6. Bb2 d6 7. g3 c6 8. Bg2 Qe8
9. O-O e5 10. d5 e4 11. Nd4 g5 12. e3 Ng4 13. Qb3 c5 14. bxc5 dxc5 15. Ndb5 Qh5
16. h3 Ne5 17. Rfd1 Na6 18. a3 f4 19. exf4 Nf3+ 20. Kf1 Bxh3 21. Nxe4 Rae8 22.
Nbd6 g4 23. Bxh3 gxh3 24. Bxg7 Kxg7 25. Nxe8+ Rxe8 26. Qc3+ Kf8 27. Nf6 Qf5 28.
Nxe8 Qe4 29. Qg7+ Kxe8 30. Qg8+ 1-0

[Event "XV Festival A"]
[Site "Porto San Giorgio ITA"]
[Date "2003.08.26"]
[Round "6"]
[White "Gardon, Ermanno"]
[Black "Aleksic, Nenad"]
[Result "1/2-1/2"]
[WhiteElo "2148"]
[BlackElo "2292"]
[PlyCount "30"]
[EventDate "2003.08.21"]

1. e4 c5 2. Nf3 d6 3. d4 cxd4 4. Nxd4 Nf6 5. Nc3 a6 6. f4 e6 7. Qf3 Qb6 8. Nb3
Qc7 9. g4 Nc6 10. g5 Nd7 11. Bd3 b5 12. Be3 Bb7 13. O-O-O Nb4 14. Kb1 Be7 15.
Rhg1 Rc8 1/2-1/2

[Event "XV Festival A"]
[Site "Porto San Giorgio ITA"]
[Date "2003.08.26"]
[Round "6"]
[White "Georgiev, Vladimir"]
[Black "Mrdja, Milan"]
[Result "1-0"]
[WhiteElo "2566"]
[BlackElo "2384"]
[PlyCount "65"]
[EventDate "2003.08.21"]

1. d4 g6 2. e4 Bg7 3. c4 d6 4. Nc3 Nf6 5. Bd3 O-O 6. Nge2 c5 7. d5 e6 8. O-O
exd5 9. cxd5 a6 10. a4 Ng4 11. h3 Ne5 12. Bc2 Nbd7 13. b3 c4 14. Be3 cxb3 15.
Bxb3 Nc5 16. Bxc5 dxc5 17. f4 c4 18. Bc2 Nd7 19. e5 Nc5 20. Qd4 Bf5 21. Bxf5
Nb3 22. Qxc4 Nxa1 23. Be4 Qb6+ 24. Qd4 Qxd4+ 25. Nxd4 Rac8 26. Nce2 f6 27. Rxa1
fxe5 28. Ne6 exf4 29. Rd1 Rc4 30. Bf3 Rf7 31. d6 Rd7 32. N6xf4 Rxa4 33. Bg4 1-0

[Event "XV Festival A"]
[Site "Porto San Giorgio ITA"]
[Date "2003.08.26"]
[Round "6"]
[White "Lubbers, Johan"]
[Black "Battiston, Doris"]
[Result "1-0"]
[WhiteElo "2129"]
[BlackElo "1815"]
[PlyCount "83"]
[EventDate "2003.08.21"]

1. d4 f5 2. e4 fxe4 3. Nc3 Nf6 4. Bg5 d5 5. Bxf6 exf6 6. Qh5+ g6 7. Qxd5 Bf5 8.
Bc4 Qxd5 9. Nxd5 Kd8 10. Ne3 Bc8 11. Ne2 Bd6 12. O-O c6 13. Bb3 Nd7 14. c4 f5
15. Rfd1 Nf6 16. Rac1 Ke7 17. c5 Bc7 18. Nc3 Bf4 19. d5 Bxe3 20. fxe3 cxd5 21.
Bxd5 Ng4 22. Re1 Ne5 23. Rc2 Rd8 24. b4 Rb8 25. h3 Be6 26. Bxe6 Kxe6 27. Nb5 a6
28. Nd4+ Ke7 29. a4 Nc6 30. Rc4 Ne5 31. Rc3 Rd5 32. Rb1 Rbd8 33. b5 axb5 34.
axb5 Rc8 35. c6 bxc6 36. bxc6 h5 37. Rb7+ Kf6 38. c7 Nd7 39. Rc6+ Kf7 40. Nb5
Rc5 41. Rxc5 Nxc5 42. Rb8 1-0

[Event "XV Festival A"]
[Site "Porto San Giorgio ITA"]
[Date "2003.08.26"]
[Round "6"]
[White "Ortega, Lexy"]
[Black "Trent, Lawrence"]
[Result "0-1"]
[WhiteElo "2437"]
[BlackElo "2299"]
[PlyCount "82"]
[EventDate "2003.08.21"]

1. Nf3 Nf6 2. c4 g6 3. Nc3 Bg7 4. g3 O-O 5. Bg2 d6 6. O-O Nc6 7. d3 e5 8. Rb1
a5 9. a3 h6 10. b4 axb4 11. axb4 Be6 12. b5 Ne7 13. Bb2 Qd7 14. Re1 Bh3 15. Bh1
Ng4 16. Nd2 Qf5 17. Nde4 Qh5 18. f3 Nf6 19. Nxf6+ Bxf6 20. b6 cxb6 21. Ne4 Bg7
22. Nxd6 Rad8 23. Ne4 f5 24. Nf2 f4 25. g4 Qh4 26. Bg2 Bxg2 27. Kxg2 h5 28. Ba3
hxg4 29. Nxg4 Rf7 30. Bxe7 Rxe7 31. Qc1 e4 32. dxe4 Rxe4 33. Rxb6 Rde8 34. c5
Bd4 35. Rxg6+ Kf7 36. Rh6 Rxe2+ 37. Rxe2 Rxe2+ 38. Kh1 Re1+ 39. Kg2 Qxg4+ 40.
fxg4 Rxc1 41. Rb6 Rc3 0-1

[Event "XV Festival A"]
[Site "Porto San Giorgio ITA"]
[Date "2003.08.26"]
[Round "6"]
[White "Ragnoni, Alessandro"]
[Black "Djingarova, Emilia"]
[Result "0-1"]
[WhiteElo "1900"]
[BlackElo "2300"]
[PlyCount "164"]
[EventDate "2003.08.21"]

1. e4 e5 2. Nf3 Nc6 3. Bc4 Nf6 4. d4 exd4 5. O-O d6 6. Nxd4 Be7 7. Nc3 O-O 8.
h3 a6 9. a4 Na5 10. Ba2 c5 11. Nde2 Rb8 12. Bd5 b5 13. Qd3 b4 14. Nd1 Nxd5 15.
exd5 Bf6 16. Bf4 c4 17. Qg3 Nb7 18. Be3 Qe7 19. Nd4 Qe4 20. Nc6 Ra8 21. Nxb4 a5
22. f3 Qf5 23. Na2 Qxd5 24. Nac3 Qf5 25. Ne4 Be5 26. Qf2 d5 27. g4 Qg6 28. Nec3
Qc6 29. Nb5 f5 30. Bd4 Bxd4 31. Nxd4 Qg6 32. Ne3 fxg4 33. hxg4 Ra6 34. Nxd5 Qd6
35. Nc3 Bxg4 36. Ne4 Qe5 37. Qe3 Rg6 38. Kf2 Qh2+ 39. Ke1 Bh3 40. Qf2 Qxf2+ 41.
Kxf2 Bxf1 42. Rxf1 Nd6 43. Nc5 Rh6 44. Rd1 Nf5 45. Nd7 Rf7 46. Ne5 Nxd4 47.
Nxf7 Kxf7 48. Rxd4 Rh2+ 49. Ke3 Rxc2 50. Rd5 Rxb2 51. Rxa5 c3 52. Rc5 c2 53. a5
Ra2 54. a6 Rxa6 55. Rxc2 Kf6 56. Kf4 g5+ 57. Kg3 h5 58. Rc4 Ra5 59. Rb4 Kf5 60.
Rb8 h4+ 61. Kg2 Kf4 62. Rb4+ Kf5 63. Rb8 Rd5 64. Rf8+ Ke5 65. Ra8 Kf4 66. Ra4+
Kf5 67. Ra8 Rd2+ 68. Kh3 Rd1 69. Kg2 Rd2+ 70. Kh3 Rf2 71. Rf8+ Ke6 72. Kg4 Rg2+
73. Kh3 Rg3+ 74. Kh2 Ke5 75. Rf7 Kd4 76. Rf8 Ke3 77. Rf5 Kf2 78. Ra5 Kxf3 79.
Ra3+ Kg4 80. Rxg3+ hxg3+ 81. Kh1 Kh3 82. Kg1 g2 0-1

[Event "XV Festival A"]
[Site "Porto San Giorgio ITA"]
[Date "2003.08.26"]
[Round "6"]
[White "Roeder, Matthias"]
[Black "Horvath, Peter"]
[Result "1/2-1/2"]
[WhiteElo "2451"]
[BlackElo "2092"]
[PlyCount "37"]
[EventDate "2003.08.21"]

1. d4 Nf6 2. c4 e6 3. Nf3 d5 4. Nc3 Bb4 5. cxd5 exd5 6. Bg5 Nbd7 7. Qc2 O-O 8.
a3 Bxc3+ 9. Qxc3 h6 10. Bh4 c5 11. Nd2 c4 12. a4 Qe8 13. Bg3 Ne4 14. Nxe4 Qxe4
15. f3 Qe6 16. e3 Re8 17. Ra3 Nf6 18. Be2 Nh5 19. Kf2 1/2-1/2

[Event "XV Festival A"]
[Site "Porto San Giorgio ITA"]
[Date "2003.08.26"]
[Round "6"]
[White "Rotstein, Arkadij"]
[Black "Cerquitella, Luca"]
[Result "1-0"]
[WhiteElo "2544"]
[BlackElo "2125"]
[PlyCount "157"]
[EventDate "2003.08.21"]

1. c4 Nf6 2. Nf3 e6 3. g3 b6 4. Bg2 Bb7 5. O-O Be7 6. Nc3 O-O 7. Re1 d5 8. cxd5
Nxd5 9. e4 Nxc3 10. bxc3 Nd7 11. d4 Nf6 12. Qd3 c5 13. Bf4 Qc8 14. h4 Rd8 15.
Rac1 Qc6 16. Qb1 Rac8 17. Bg5 h6 18. d5 exd5 19. exd5 Qd7 20. Ne5 Qc7 21. Nc6
Bxc6 22. Bf4 Bd6 23. Bxd6 Rxd6 24. dxc6 Rcd8 25. Qf5 Nd5 26. Qe5 Re6 27. Qxc7
Nxc7 28. a4 Kf8 29. Rxe6 Nxe6 30. Rb1 Rc8 31. a5 bxa5 32. Rb5 a4 33. Ra5 Rc7
34. Kf1 Ke7 35. Ke2 Kd6 36. Kd3 Nd8 37. Rxa4 Nxc6 38. Ra6 Kd7 39. Bxc6+ Rxc6
40. Rxa7+ Rc7 41. Ra5 g6 42. Kc4 Kd6 43. Ra6+ Ke5 44. h5 Kf5 45. Rd6 gxh5 46.
Rxh6 Kg5 47. Rd6 f5 48. Rd8 Re7 49. Kxc5 Re2 50. Rg8+ Kf6 51. f4 Rg2 52. Rf8+
Ke6 53. Re8+ Kd7 54. Re3 Rh2 55. Kd4 Kd6 56. Re5 Rd2+ 57. Kc4 Rg2 58. Rxf5 Rxg3
59. Rxh5 Rg4 60. Rf5 Ke6 61. Re5+ Kd6 62. Rd5+ Kc6 63. Rd4 Rg1 64. Kd3 Re1 65.
Kd2 Rh1 66. Rd3 Rf1 67. Ke3 Re1+ 68. Kf3 Kc5 69. f5 Rf1+ 70. Ke4 Re1+ 71. Re3
Rf1 72. Ke5 Kc6 73. Ke6 Kc7 74. f6 Kd8 75. f7 Rf2 76. c4 Rf1 77. c5 Rf2 78. c6
Rf1 79. Re5 1-0

[Event "XV Festival A"]
[Site "Porto San Giorgio ITA"]
[Date "2003.08.26"]
[Round "6"]
[White "Ruggeri, Pietro"]
[Black "Nicora, Paolo"]
[Result "1/2-1/2"]
[WhiteElo "2134"]
[BlackElo "1842"]
[PlyCount "26"]
[EventDate "2003.08.21"]

1. d4 d6 2. e4 Nf6 3. Nc3 g6 4. Be3 Bg7 5. f3 c6 6. Qd2 b5 7. O-O-O Qa5 8. Kb1
Nbd7 9. Bh6 Bxh6 10. Qxh6 b4 11. Nce2 Nb6 12. Nc1 Be6 13. Nb3 Qh5 1/2-1/2

[Event "XV Festival A"]
[Site "Porto San Giorgio ITA"]
[Date "2003.08.26"]
[Round "6"]
[White "Sebastianelli, Dario"]
[Black "Naumkin, Igor"]
[Result "0-1"]
[WhiteElo "2239"]
[BlackElo "2406"]
[PlyCount "88"]
[EventDate "2003.08.21"]

1. e4 e5 2. Bc4 Nf6 3. d4 exd4 4. Nf3 Nxe4 5. Qxd4 Nf6 6. Bg5 Be7 7. Nc3 O-O 8.
O-O-O c6 9. Rhe1 d5 10. Qh4 h6 11. Bxd5 cxd5 12. Nxd5 hxg5 13. Nxg5 Qxd5 14.
Rxd5 Nc6 15. g4 Bxg4 16. f4 Rfd8 17. Rxd8+ Rxd8 18. Qf2 Bf8 19. Nf3 Bf5 20. a3
Rc8 21. Nh4 Be4 22. c3 b6 23. Qg3 Nd4 24. Rxe4 Nxe4 25. Qg2 Nd6 26. Kb1 Nb3 27.
Qd5 Na5 28. Ka2 Nac4 29. b3 Ne3 30. Qd3 Ng4 31. Nf5 Nf2 32. Qa6 Nfe4 33. Nxd6
Nxd6 34. Qxa7 Rxc3 35. Qxb6 Rc2+ 36. Kb1 Rxh2 37. Qc6 Re2 38. a4 Ne4 39. a5 Bb4
40. Qc8+ Kh7 41. Qh3+ Kg6 42. Qg4+ Kf6 43. Qh4+ Ke6 44. Qg4+ Kd6 0-1

[Event "XV Festival A"]
[Site "Porto San Giorgio ITA"]
[Date "2003.08.26"]
[Round "6"]
[White "Tischbierek, Raj"]
[Black "Sciortino, Massimo"]
[Result "1-0"]
[WhiteElo "2522"]
[BlackElo "2192"]
[PlyCount "41"]
[EventDate "2003.08.21"]

1. e4 e5 2. Nf3 Nc6 3. Bb5 a6 4. Ba4 Nf6 5. O-O Be7 6. Re1 b5 7. Bb3 d6 8. c3
O-O 9. h3 Na5 10. Bc2 c5 11. d4 Nd7 12. b3 cxd4 13. cxd4 Nc6 14. Nc3 Nb4 15.
Bb1 exd4 16. Nxd4 Bb7 17. Bb2 Bf6 18. a3 Qb6 19. Nf5 g6 20. Nh6+ Kg7 21. Ng4
1-0

[Event "XV Festival A"]
[Site "Porto San Giorgio ITA"]
[Date "2003.08.26"]
[Round "6"]
[White "Unterfrauner, Albert"]
[Black "Glek, Igor V."]
[Result "0-1"]
[WhiteElo "2188"]
[BlackElo "2566"]
[PlyCount "78"]
[EventDate "2003.08.21"]

1. c4 e5 2. Nc3 Bb4 3. Nd5 a5 4. a3 Be7 5. Nf3 c6 6. Nxe7 Qxe7 7. e3 Nf6 8. Qc2
c5 9. d3 Nc6 10. Be2 O-O 11. b3 d5 12. cxd5 Nxd5 13. Bb2 Rd8 14. Rc1 b6 15. O-O
Bb7 16. Rfd1 Rd6 17. d4 exd4 18. exd4 Nf4 19. Bf1 cxd4 20. Nxd4 Rg6 21. Nf5
Nh3+ 22. Kh1 Qg5 23. Ng3 h5 24. Qd2 h4 25. Qxg5 Nxf2+ 26. Kg1 Rxg5 27. Kxf2
hxg3+ 28. hxg3 Ne5 29. Bxe5 Rxe5 30. Be2 Bxg2 31. Bc4 Bh3 32. Rd4 Be6 33. Rh1
Bxc4 34. bxc4 Rae8 35. Kf3 Re3+ 36. Kf2 Rxa3 37. Rb1 Re6 38. Rd8+ Kh7 39. Rb8
Rc3 0-1

[Event "XV Festival A"]
[Site "Porto San Giorgio ITA"]
[Date "2003.08.26"]
[Round "6"]
[White "Ventura, Giuseppe"]
[Black "Lauria, Amilcare"]
[Result "0-1"]
[WhiteElo "2035"]
[BlackElo "2174"]
[PlyCount "62"]
[EventDate "2003.08.21"]

1. d4 g6 2. c4 Bg7 3. Nc3 d6 4. e4 Nc6 5. d5 Nd4 6. Be3 c5 7. dxc6 Nxc6 8. Qd2
Be6 9. Nf3 Qa5 10. Nd5 Qxd2+ 11. Bxd2 Rc8 12. Rc1 Nh6 13. Be2 O-O 14. b4 f5 15.
b5 Bxd5 16. exd5 Nd8 17. O-O Nhf7 18. Be3 b6 19. Bd4 e5 20. dxe6 Nxe6 21. Bxg7
Kxg7 22. Rfd1 Rfe8 23. Bf1 Kf6 24. h3 Rc7 25. g4 Rec8 26. Kg2 h6 27. Kg3 Rc5
28. gxf5 gxf5 29. Be2 d5 30. cxd5 Rxc1 31. dxe6 Rxd1 0-1

[Event "XV Festival A"]
[Site "Porto San Giorgio ITA"]
[Date "2003.08.26"]
[Round "6"]
[White "Ventura, Sergio"]
[Black "Manganelli, Gianpaolo"]
[Result "1/2-1/2"]
[WhiteElo "2173"]
[BlackElo "2017"]
[PlyCount "46"]
[EventDate "2003.08.21"]

1. Nf3 c5 2. d4 cxd4 3. Nxd4 Nc6 4. Nc3 Nf6 5. e4 d6 6. Be2 g6 7. Be3 Bg7 8.
O-O O-O 9. Kh1 d5 10. exd5 Nxd5 11. Nxd5 Qxd5 12. Bf3 Qc4 13. Nxc6 bxc6 14. Qd3
Qxd3 15. cxd3 Rb8 16. Bxa7 Rxb2 17. d4 e5 18. Bc5 Rd8 19. Bxc6 Ba6 20. Rab1
Bxf1 21. Rxb2 exd4 22. Be7 Rc8 23. Bd7 Ra8 1/2-1/2

[Event "XV Festival A"]
[Site "Porto San Giorgio ITA"]
[Date "2003.08.27"]
[Round "7"]
[White "Aleksic, Nenad"]
[Black "Campo, Renato"]
[Result "1-0"]
[WhiteElo "2292"]
[BlackElo "2142"]
[PlyCount "83"]
[EventDate "2003.08.21"]

1. e4 e6 2. Nf3 d5 3. Nc3 Nf6 4. e5 Nfd7 5. d4 c5 6. dxc5 Nc6 7. Bf4 Bxc5 8.
Bd3 f6 9. exf6 Nxf6 10. O-O O-O 11. Ne5 Bd7 12. Qe2 Qe7 13. Rae1 a6 14. Nxc6
bxc6 15. Bxa6 Nh5 16. Qxh5 Rxf4 17. Bd3 g6 18. Qe2 Re8 19. g3 Rb4 20. a3 Rxb2
21. Na4 Ra2 22. Nxc5 Qxc5 23. Qg4 Qe7 24. Re5 Qf6 25. f4 c5 26. c4 dxc4 27.
Bxc4 Rc2 28. Qd1 Rxc4 29. Qxd7 Rd8 30. Qxe6+ Qxe6 31. Rxe6 Rd2 32. Rf2 Rd1+ 33.
Kg2 Ra1 34. Rb2 Kf7 35. Rc6 Re4 36. Rb7+ Re7 37. Rxe7+ Kxe7 38. Rxc5 Rxa3 39.
Rc7+ Kf6 40. Rxh7 Ra2+ 41. Kf3 Ra3+ 42. Kg4 1-0

[Event "XV Festival A"]
[Site "Porto San Giorgio ITA"]
[Date "2003.08.27"]
[Round "7"]
[White "Capuano, Eugenio"]
[Black "Ragnoni, Alessandro"]
[Result "1/2-1/2"]
[WhiteElo "2143"]
[BlackElo "1900"]
[PlyCount "39"]
[EventDate "2003.08.21"]

1. Nf3 Nf6 2. c4 c5 3. Nc3 Nc6 4. g3 d6 5. Bg2 g6 6. d4 cxd4 7. Nxd4 Bd7 8. O-O
Bg7 9. Nc2 O-O 10. b3 a6 11. Bd2 Rb8 12. a4 Na5 13. Ne3 Bc6 14. Rb1 Bxg2 15.
Kxg2 e6 16. b4 Nc6 17. Qb3 Nd4 18. Qa2 b6 19. Rfd1 Qc7 20. Be1 1/2-1/2

[Event "XV Festival A"]
[Site "Porto San Giorgio ITA"]
[Date "2003.08.27"]
[Round "7"]
[White "Cerquitella, Luca"]
[Black "Delizia, Costantino"]
[Result "1-0"]
[WhiteElo "2125"]
[BlackElo "2219"]
[PlyCount "95"]
[EventDate "2003.08.21"]

1. e4 e6 2. d4 d5 3. Nc3 Bb4 4. Bd3 c5 5. exd5 exd5 6. Bb5+ Bd7 7. Bxd7+ Nxd7
8. Nge2 Bxc3+ 9. Nxc3 Ngf6 10. O-O O-O 11. Bg5 Qa5 12. Qd2 c4 13. Rfe1 Rfe8 14.
h3 Qb6 15. Bxf6 Nxf6 16. Re5 Rxe5 17. dxe5 Ne4 18. Nxe4 dxe4 19. Qc3 Rd8 20.
Re1 Qd4 21. Qxd4 Rxd4 22. c3 Rd2 23. Rxe4 Kf8 24. Rxc4 Rxb2 25. Rb4 Rxa2 26.
Rxb7 a5 27. Ra7 Rc2 28. Rxa5 Rxc3 29. Kh2 Ke7 30. f3 Rb3 31. Kg3 Ke6 32. h4 Rb4
33. h5 h6 34. f4 Rb6 35. Kg4 Rb4 36. Ra6+ Ke7 37. Kf5 Rb7 38. g4 Kf8 39. Ra8+
Ke7 40. Rg8 Rb6 41. g5 hxg5 42. Kxg5 f6+ 43. exf6+ gxf6+ 44. Kg6 Rb1 45. Rg7+
Ke6 46. f5+ Ke5 47. Re7+ Kf4 48. h6 1-0

[Event "XV Festival A"]
[Site "Porto San Giorgio ITA"]
[Date "2003.08.27"]
[Round "7"]
[White "Cristiani, Cesare"]
[Black "Sebastianelli, Dario"]
[Result "1/2-1/2"]
[WhiteElo "2137"]
[BlackElo "2239"]
[PlyCount "90"]
[EventDate "2003.08.21"]

1. d4 g6 2. c4 Bg7 3. e4 d6 4. Nc3 Nd7 5. Nf3 e5 6. Be2 Ne7 7. O-O O-O 8. Be3
h6 9. dxe5 dxe5 10. Qd2 Kh7 11. Rad1 f5 12. exf5 gxf5 13. Qc2 Ng6 14. g3 c6 15.
h4 Qe8 16. h5 Ne7 17. Nh4 b6 18. Rd6 Rf6 19. Rfd1 Rxd6 20. Rxd6 Nf6 21. g4 e4
22. g5 hxg5 23. Bxg5 Neg8 24. Qd2 Be6 25. Qf4 Bf8 26. Rd1 Qb8 27. Ng6 Qxf4 28.
Nxf8+ Rxf8 29. Bxf4 Bf7 30. Rd6 Be8 31. Rd8 Rf7 32. Rd6 Re7 33. Kf1 Bd7 34. b4
Re6 35. a4 Rxd6 36. Bxd6 Be8 37. b5 cxb5 38. cxb5 Nd7 39. Nd5 Bf7 40. Nb4 Bb3
41. Nc6 Bxa4 42. Nxa7 Ngf6 43. Nc8 Nd5 44. Bc4 Nc3 45. Na7 Kh6 1/2-1/2

[Event "XV Festival A"]
[Site "Porto San Giorgio ITA"]
[Date "2003.08.27"]
[Round "7"]
[White "Djingarova, Emilia"]
[Black "Tischbierek, Raj"]
[Result "0-1"]
[WhiteElo "2300"]
[BlackElo "2522"]
[PlyCount "94"]
[EventDate "2003.08.21"]

1. e4 g6 2. d4 d6 3. Nf3 Nf6 4. Nc3 Bg7 5. Be2 O-O 6. O-O e6 7. h3 Nc6 8. Bg5
h6 9. Be3 a6 10. Qd2 Kh7 11. a4 b6 12. Nh2 e5 13. d5 Ne7 14. Bd3 Nd7 15. Ng4
Ng8 16. f4 exf4 17. Rxf4 h5 18. Nh2 Ne5 19. Raf1 Qe7 20. Ne2 Bh6 21. R4f2 Bxe3
22. Qxe3 Bd7 23. b3 Nh6 24. Nd4 f6 25. Be2 f5 26. exf5 Nxf5 27. Nxf5 Rxf5 28.
Rxf5 Bxf5 29. Bxh5 Bxc2 30. Be2 Bf5 31. Ng4 Bxg4 32. Bxg4 Rf8 33. Rxf8 Qxf8 34.
Be6 Qe7 35. g3 c5 36. Kg2 b5 37. h4 Kg7 38. axb5 axb5 39. Qe2 c4 40. bxc4 bxc4
41. h5 Qg5 42. hxg6 c3 43. g4 Qd2 44. Kf1 Qc1+ 45. Kg2 Nd3 46. Qe4 Qd2+ 47. Kg3
Qf2+ 0-1